| 000 | 00769nam a22002537a 4500 | ||
|---|---|---|---|
| 003 | dpl | ||
| 005 | 20180614143748.0 | ||
| 008 | 180614b xxu||||| |||| 00| 0 eng d | ||
| 010 | _aA-938250 | ||
| 020 |
_c00.00 _a0333923197 |
||
| 035 | _aA-938250, A-938269 | ||
| 037 | _bCen Lib/Ret | ||
| 040 |
_aDPL _bEN _c0 |
||
| 082 |
_aN _bDEB |
||
| 100 |
_aDebi, Ashapurna _927305 |
||
| 245 |
_aSubarnalata / _cby Ashapurna Debi ; translated from the Bengali original by Gopa Majumdar |
||
| 260 |
_bMacmillan India Limited _c1997 _aChennai |
||
| 270 |
_a21 Patullos Road _bChennai _e600 002 |
||
| 300 |
_axxi,213p. _c20cm(Hb) |
||
| 650 |
_aIndia -- Fiction _9108960 |
||
| 650 |
_aEnglish fiction _9108961 |
||
| 700 |
_aMajumdar, Gopa _927308 |
||
| 942 |
_2ddc _cEN _hN _mDEB |
||
| 999 |
_c129756 _d129756 |
||